Проблема описания и передачи музыкального произведения посредством вербального языка; Вып. 9: Сборник материалов IX Международной конференции молодых ученых "Актуальные проблемы социальных наук", 21-22 апреля 2007 г., Томск

Dades bibliogràfiques
Parent link:Вып. 9: Сборник материалов IX Международной конференции молодых ученых "Актуальные проблемы социальных наук", 21-22 апреля 2007 г., Томск.— 2008.— с. 369-375
Autor principal: Порохина А. А.
Idioma:rus
Publicat: 2008
Format: MixedMaterials Capítol de llibre
KOHA link:https://koha.lib.tpu.ru/cgi-bin/koha/opac-detail.pl?biblionumber=262490

MARC

LEADER 00000naa2a2200000 4500
001 262490
005 20231031222036.0
035 |a (RuTPU)RU\TPU\book\285473 
035 |a RU\TPU\book\285471 
090 |a 262490 
100 |a 20140602d2008 k y0rusy50 ca 
101 0 |a rus 
102 |a RU 
200 1 |a Проблема описания и передачи музыкального произведения посредством вербального языка  |f А. А. Порохина 
320 |a Библиогр.: с. 375 (6 назв.) 
463 0 |0 (RuTPU)RU\TPU\book\268418  |y 5-94621-248-6  |t Вып. 9: Сборник материалов IX Международной конференции молодых ученых "Актуальные проблемы социальных наук", 21-22 апреля 2007 г., Томск  |v с. 369-375  |d 2008  |p 391 с. 
700 1 |a Порохина  |b А. А. 
801 1 |a RU  |b 63413507  |c 20140414 
801 2 |a RU  |b 63413507  |c 20140602  |g RCR 
942 |c BK